Infection : microbiology and management

Αποθηκεύτηκε σε:
Λεπτομέρειες βιβλιογραφικής εγγραφής
Κύριος συγγραφέας: Bannister, Barbara A.
Άλλοι συγγραφείς: Gillespie, S. H., Jones, Jane
Μορφή: Βιβλίο
Γλώσσα:English
Δημοσίευση: Malden, Mass. : Blackwell Pub., 2006
Έκδοση:3rd. ed.
Θέματα:
Ετικέτες: Προσθήκη ετικέτας
Δεν υπάρχουν, Καταχωρήστε ετικέτα πρώτοι!

MARC

LEADER 00000nam a2200000 i 4500
001 1/92007
008 080818s2006 eng d
020 |a 978-1-4051-2665-6 
020 |a 1-4051-2665-5 
035 |l 10099440 
040 |a GR-MY-UA  |b gre  |e aacr 
041 0 |a eng 
082 0 |a 616.9  |2 (22) 
100 1 |a Bannister, Barbara A. 
245 1 0 |a Infection :  |b microbiology and management /  |c Barbara Bannister, Stephen Gillespie, Jane Jones 
250 |a 3rd. ed. 
260 |a Malden, Mass. :   |b Blackwell Pub.,   |c 2006 
300 |a vii, 544 σ.;  |b εικ.;  |c 27 εκ. 
504 |a Περιέχει βιβλιογραφικές παραπομπές και ευρετήριο 
650 0 0 |a Communicable diseases. 
700 1 |a Gillespie, S. H. 
700 0 |a Jones, Jane. 
852 |a INST  |b LESVOS  |e 20080818  |h 616.9 BAN  |p 005100041986  |q 005100041986  |t BK  |y 0 
901 |a BIBL1-2008-2 
909 |a Λ  |b 145151 
922 |a 1ΕΛΗ  |b 200801  |c ΕΠΕΑΕΚ2/ΤΕΘ  |d ΕΛΕΥΘΕΡΟΥΔΑΚΗΣ 
970 |a ΚΑΡΑ  |b ΓΙΑΣΕΜΗ  |z 2008/08/18